000 00654nam a2200265Ia 4500
003 OSt
005 20221005121747.0
006 a|||||r|||| 00| 0
007 ta
008 221004b |||||||| |||| 00| 0 tam d
020 _a1.25
_c1.25
024 _a47893
037 _cTextual
040 _aCRL
_cCRL
_btam
041 _2tam
_atam
082 _aO31,1A2:g, K2
100 _aVaradhrajan Au.
_9631104
245 0 _aIlakkiya kalchigal
260 _c1962
300 _a85p.
_ccm.
650 _a TAMIL POETRY
650 _aTAMIL LITERATURE
942 _hO31,1A2:g, K2
_cTEXL
_2cc
999 _c1042179
_d1042179